000 01015nam a2200265Ia 4500
003 OSt
005 20221005111222.0
006 a|||||r|||| 00| 0
007 ta
008 221004b |||||||| |||| 00| 0 hin d
020 _a8170555582 (hbk)
_c300
024 _a16823
037 _b519, 21/03/2015, Vani Prakashan
_cTextual
040 _aCRL
_cCRL
_bhin
041 _2hin
_ahin
082 _aO168,1M90x, 152Q0
100 _aनिदा फ़ाज़ली, संपा.
245 0 _aजिगर मुरादाबादी
_b मोहब्बतों का शायर
246 _aJigar murādābādī: mohabbatoan kā shāyara
260 _aनई दिल्ली
_bवाणी प्रकाशन भारत
_c2010
300 _a99पृ0
_ccm.
650 _aउर्दू साहित्य
942 _hO168,1M90x, 152Q0
_cTEXL
_2cc
999 _c1021184
_d1021184